Eurovision 2021 Grand Final Scoreboard - Statistics

General Stats
  • This quiz has been taken 243 times
  • The average score is 21 of 26
Answer Stats
Place Country Points % Correct
1st Italy 524
100%
2nd France 499
98%
3rd Switzerland 432
93%
26th United Kingdom 0
93%
25th Germany 3
92%
24th Spain 6
91%
5th Ukraine 364
89%
23rd Netherlands 11
88%
4th Iceland 378
83%
6th Finland 301
82%
10th Greece 170
79%
7th Malta 255
79%
8th Lithuania 220
78%
11th Bulgaria 170
77%
9th Russia 204
77%
16th Cyprus 94
76%
18th Norway 75
76%
12th Portugal 153
75%
20th Azerbaijan 65
73%
19th Belgium 74
73%
14th Sweden 109
73%
15th Serbia 102
71%
21st Albania 57
68%
17th Israel 93
68%
13th Moldova 115
68%
22nd San Marino 50
67%
No matching quizzes found
Score Distribution
Percent of People with Each Score
Percentile by Number Answered
Your Score History
You have not taken this quiz